00293nam a2200121Ia 4500008004900000041000800049082001200057100001300069245002700082260003700109300001800146440000700164240112s1985 JAN-OCT xx 000 0 und d aeng a615.103 aJAFFE E. aSEMINARS IN HEMATOLOGY bSEMINARS IN HEMAT.c1985 JAN-OCT a325,HBc(1-4) v22